| 000 | 00946nam a2200301 4500 | ||
|---|---|---|---|
| 003 | EC-UNACH | ||
| 005 | 20251212152205.0 | ||
| 006 | s||||gr|||| 00| 00 | ||
| 008 | 150116t9999 mx r gr 000 0 spa d | ||
| 020 | _a978-9942-07-281-8 | ||
| 040 |
_aEC-UNACH _cEC-UNACH |
||
| 041 | _aspa | ||
| 082 | 0 | 4 |
_223 _a342 _bL018481 |
| 110 | _aCorte Constitucional | ||
| 245 | _aTeoría crítica constitucional 2 | ||
| 250 | _aS/N | ||
| 264 |
_aEcuador _bCorte Constitucional _c2012 |
||
| 300 | _a135 | ||
| 505 | _aPrimera parte - Porque no habermas del engaño liberal a la democracia radical Segunda Parte- La democracia radical o la democracia como única política | ||
| 650 | _aLIBERALISMO | ||
| 650 | _aPOSPOLITICA | ||
| 650 | _aEL ABISMO CONSTITUYENTE | ||
| 700 | _aRicardo Sanín Restrepo | ||
| 942 |
_2ddc _c1 |
||
| 999 | _c14287 | ||